000 00564nam a2200181Ia 4500
003 GCL
008 140319s9999 xx 000 0 ara d
040 _aGCL /
_cGCL
082 0 4 _a418
_bن أ
100 1 _aنايف خرما
245 1 0 _aاضواءعلى الدراسات اللغوية المعاصرة(عالم المعرفة) /
_cنايف خرما
300 _a340 ص
490 _aعالم المعرفة
_v0
650 0 4 _aاللغة العربية
650 0 4 _aفقه اللغة
650 0 4 _aاللغة العربية - فلسفة
942 _2ddc
_cBK
999 _c51545
_d51545